000 00348 a2200145 4500
001 194239
040 _cMagnum
100 _aArreguy, Cintia Aparecida Chagas
240 1 0 _aBelo horizonte: regional nordeste
_lpor
245 1 0 _aBelo horizonte: regional nordeste
300 _a62
362 0 _a2008
697 _aHISTÓRIA DO BRASIL
942 _cBK
999 _c194239
_d194239